[Event "Match"]
[Site "www.echecsemail.com"]
[Date "2017.08.26"]
[Round "1"]
[White "Calponas"]
[Black "Pforjan"]
[WhiteElo "2020"]
[BlackElo "2149"]
[Result "0-1"]
[Round "1"]
1.e4 b6
2.d4 Bc8b7
3.Bf1d3 e6
4.c4 Bf8b4
5.Nb1c3 f5
6.Qd1e2 Nb8c6
7.Bc1e3 fxe4
8.Bd3xe4 Ng8f6
9.Be4f3 O-O
10.Ng1h3 Nc6a5
11.O-O-O Bb4xc3
12.bxc3 Qd8e7
13.Bf3xb7 Na5xb7
14.Nh3f4 Qe7a3
15.Qe2b2 Qa3xb2
16.Kxb2 Nb7a5
17.c5 Na5c4
18.Kb3 Nc4xe3
19.fxe3 Nf6g4
20.Rd1e1 bxc5
21.dxc5 Ra8b8
22.Kc2 Ng4xe3
23.Re1xe3 Rf8xf4
24.Rh1e1 Rf4f2
25.Re1e2 Rf2xe2
26.Re3xe2 Kf7
27.g4 Rb8b5
28.c6 d6
29.h3 e5
30.Re2f2 Ke7
31.Kd3 Rb5b6
32.c4 Rb6xc6
33.Rf2b2 Rc6b6
{ resign }
0-1

[Event "Match"]
[Site "www.echecsemail.com"]
[Date "2017.08.26"]
[Round "1"]
[White "Luke1302"]
[Black "Squeakysquaw"]
[WhiteElo "1340"]
[BlackElo "1499"]
[Result "0-1"]
[Round "1"]
1.e4 e5
2.g3 Nb8c6
3.Bf1g2 Ng8f6
4.b3 Bf8c5
5.Bg2h3 Nf6xe4
6.d4 Bc5xd4
7.c3 Ne4xf2
 { time }
0-1

[Event "Match"]
[Site "www.echecsemail.com"]
[Date "2017.08.26"]
[Round "1"]
[White "Mrmoto"]
[Black "Bjonil60"]
[WhiteElo "1660"]
[BlackElo "1470"]
[Result "1-0"]
[Round "1"]
1.e4 Nb8c6
2.d4 a6
3.Ng1f3 f6
4.Nb1c3 g5
5.h3 h6
6.g4 e6
7.h4 Bf8e7
8.Bc1e3 Be7b4
9.Qd1d2 Ng8e7
10.hxg5 Ne7g8
11.O-O-O Bb4f8
12.gxh6 Ng8xh6
13.g5 Nh6f7
14.Rh1xh8 fxg5
15.Rh8g8 d6
16.Nf3xg5 Nc6e7
17.Ng5xf7 Kxf7
18.Rg8g3 b6
19.Be3g5 Qd8e8
20.Qd2f4 Kg6
21.Qf4f6 Kh5
22.Bf1e2 
1-0

[Event "1/64 Finale"]
[Site "www.chess-mail.com"]
[Date "2017.08.26"]
[Round "1"]
[White "Carebear"]
[Black "Piriot"]
[WhiteElo "2460"]
[BlackElo "2480"]
[Result "0-1"]
[Round "1"]
1.d4 d6
2.e4 Ng8f6
3.Nb1c3 e5
4.Ng1f3 Nb8d7
5.Bf1c4 Bf8e7
6.O-O O-O
7.a4 c6
8.h3 Nd7b6
 { time }
0-1

[Event "Fast Game"]
[Site "www.echecsemail.com"]
[Date "2017.08.26"]
[Round "1"]
[White "Cjood"]
[Black "Begory"]
[WhiteElo "1650"]
[BlackElo "1599"]
[Result "1-0"]
[Round "1"]
1.f4 d5
2.d4 Bc8f5
3.h3 Nb8c6
4.a3 Ng8f6
5.Nb1c3 e6
6.Ng1f3 Bf5e4
7.Nc3xe4 dxe4
8.Nf3e5 Nc6xe5
9.fxe5 Nf6d7
10.c4 Bf8e7
11.Qd1c2 O-O
12.Qc2xe4 f5
13.Qe4xb7 Qd8c8
14.Qb7c6 Ra8b8
15.Qc6xe6 Kh8
16.b4 Rb8b6
17.Qe6xe7 Rf8e8
18.Qe7h4 g6
19.Bc1g5 h5
20.c5 Rb6e6
21.Bg5f4 Re8g8
22.d5 Re6e8
23.e6 Nd7f8
24.Qh4f6 Kh7
25.e7 Nf8d7
26.Qf6e6 g5
27.Qe6xf5 Rg8g6
28.Bf4xg5 Nd7b8
29.Qf5e4 Nb8d7
30.e3 Kg7
31.Bf1d3 Rg6xg5
32.Qe4h7 Kf6
33.Rh1f1 Ke5
34.Qh7e4 
1-0

[Event "Tourn. n9458"]
[Site "www.chess-mail.com"]
[Date "2017.08.27"]
[Round "1"]
[White "Coolant"]
[Black "Luban"]
[WhiteElo "2290"]
[BlackElo "2150"]
[Result "1-0"]
[Round "1"]
1.Nb1c3 d5
2.d4 e6
3.e4 dxe4
4.Nc3xe4 Ng8f6
5.Bc1g5 Bf8e7
6.Bg5xf6 Be7xf6
7.Ng1f3 h6
8.Bf1d3 O-O
9.c3 b6
10.Qd1e2 Bc8b7
11.O-O-O Nb8d7
12.Rh1g1 Bf6e7
13.g4 Bb7xe4
14.Bd3xe4 Ra8b8
15.g5 hxg5
16.Rg1g3 f5
17.Be4c2 g4
18.Nf3e5 Be7g5
19.Kb1 Nd7xe5
20.dxe5 Qd8e7
21.h3 Bg5f4
22.Rg3d3 Rf8d8
23.hxg4 fxg4
24.Rd3xd8 Rb8xd8
25.Rd1xd8 Qe7xd8
26.Qe2xg4 Qd8d2
27.Qg4xe6 Kf8
28.Qe6c8 Kf7
29.Qc8xc7 Kf8
30.Qc7b8 Ke7
31.Qb8xa7 Kf8
32.Qa7b8 Kf7
33.Qb8c7 Kf8
34.Qc7d6 Qd2xd6
35.exd6 Bf4xd6
36.b4 Kf7
37.Kb2 Ke6
38.Kb3 Ke5
39.f3 g5
40.Kc4 Kf4
41.Kd5 Bd6e5
42.c4 Be5c3
43.c5 bxc5
44.bxc5 Bc3e5
45.a4 Be5b8
46.a5 Kxf3
47.c6 g4
48.a6 g3
49.a7 { resign }
1-0

[Event "Tourn. n9415"]
[Site "www.chess-mail.com"]
[Date "2017.08.27"]
[Round "1"]
[White "Dussek"]
[Black "Julian"]
[WhiteElo "1700"]
[BlackElo "1470"]
[Result "1-0"]
[Round "1"]
1.d4 d6
2.Ng1f3 Ng8f6
3.Bc1f4 Nb8d7
4.Nb1d2 c6
5.e3 Qd8c7
6.Bf1d3 e5
7.dxe5 dxe5
8.Bf4g3 Bf8d6
9.Bd3c4 O-O
10.O-O Rf8d8
11.Nf3g5 Rd8f8
12.Qd1e2 b5
13.Bc4d3 h6
14.Ng5e4 Nf6xe4
15.Nd2xe4 Bd6e7
16.c3 f5
17.Ne4d2 f4
18.exf4 Be7d6
19.Nd2f3 exf4
20.Qe2e6 Kh8
21.Qe6g6 Nd7f6
22.Bg3h4 Nf6g4
23.h3 Bc8f5
24.Bd3xf5 Rf8xf5
25.Qg6xf5 Ng4f6
26.Bh4xf6 gxf6
27.Qf5xf6 Kh7
28.Nf3d4 Bd6e5
29.Qf6f5 Kg7
30.Nd4e6 { resign }
1-0

[Event "Tourn. n9450"]
[Site "www.chess-mail.com"]
[Date "2017.08.27"]
[Round "1"]
[White "Panamski"]
[Black "Hundegana"]
[WhiteElo "2220"]
[BlackElo "2020"]
[Result "0-1"]
[Round "1"]
1.e4 Nb8c6
2.d4 d5
3.e5 e6
4.Ng1f3 a6
5.c3 Ng8e7
6.Bf1d3 g6
7.Bc1g5 h6
8.Bg5f6 Rh8h7
9.h4 Bf8g7
10.h5 Bg7xf6
11.exf6 Ne7f5
12.hxg6 fxg6
13.g4 Qd8xf6
14.gxf5 exf5
15.Kd2 Bc8e6
16.Kc2 O-O-O
17.Nb1d2 g5
18.Qd1e2 h5
19.Ra1e1 Rd8e8
20.Nf3e5 Nc6xe5
21.Qe2xe5 Qf6f7
22.Qe5g3 Qf7g6
23.Nd2f3 g4
24.Nf3e5 Qg6h6
 { time }
0-1

[Event "Tourn. n9450"]
[Site "www.chess-mail.com"]
[Date "2017.08.27"]
[Round "1"]
[White "Lucaschess"]
[Black "Panamski"]
[WhiteElo "2080"]
[BlackElo "2220"]
[Result "1-0"]
[Round "1"]
1.e4 c6
2.d4 d5
3.Nb1d2 dxe4
4.Nd2xe4 Bc8f5
5.Ne4g3 Bf5g6
6.h4 h6
7.h5 Bg6h7
8.Ng1h3 Ng8f6
9.Nh3f4 e6
10.Bf1e2 Bf8d6
11.O-O O-O
12.Rf1e1 Qd8c7
13.Qd1d2 Bd6xf4
14.Qd2xf4 Qc7xf4
15.Bc1xf4 Bh7xc2
16.Be2f3 Nb8a6
17.a3 Bc2b3
18.Bf4e5 Nf6d5
19.Ng3e4 Nd5c7
20.Ne4c5 Bb3d5
21.Bf3e2 Na6xc5
22.dxc5 Ra8c8
23.f3  { time }
1-0

[Event "Tourn. n9470"]
[Site "www.chess-mail.com"]
[Date "2017.08.27"]
[Round "1"]
[White "Scasan55"]
[Black "Add"]
[WhiteElo "2010"]
[BlackElo "2260"]
[Result "0-1"]
[Round "1"]
1.e4 Nb8c6
2.Ng1f3 e5
3.Bf1c4 h6
4.Nb1c3 Ng8f6
5.d3 Bf8c5
6.O-O a6
7.a3 d6
8.h3 Qd8e7
9.b4 Bc5b6
10.Bc1e3 Nc6d4
11.Nc3d5 Nf6xd5
12.Bc4xd5 c6
13.Bd5a2 Bb6a7
14.c3 Nd4b5
15.Be3xa7 Ra8xa7
16.c4 Nb5c3
17.Qd1d2 Nc3xa2
18.Ra1xa2 Bc8e6
19.Ra2c2 O-O
20.Qd2e3 b5
21.c5 Rf8d8
22.Rf1d1 Be6b3
23.cxd6 Rd8xd6
24.Rd1c1 Bb3xc2
25.Rc1xc2 a5
26.Rc2c5 f6
27.Nf3h4 Qe7d7
28.Rc5c3 axb4
29.axb4 Ra7a6
30.Nh4f5 Rd6e6
31.Qe3g3 Kh7
32.Kh2 Ra6a4
33.Rc3b3 Re6e8
34.f4 exf4
35.Qg3xf4 Qd7e6
36.Qf4c7 Qe6e5
37.Qc7xe5 Re8xe5
38.Nf5d4 Ra4a2
39.Nd4f3 Re5e7
40.Nf3d4 Ra2a6
41.Rb3c3 Ra6b6
42.Nd4f5 Re7a7
43.d4 Ra7d7
44.Rc3e3 g6
45.Nf5g3 Rd7xd4
46.e5 fxe5
47.Re3xe5 Rd4xb4
48.Re5e7 Kg8
49.Ng3e4 Kf8
50.Re7d7 Rb4xe4
{ resign }
0-1

[Event "Tourn. n9450"]
[Site "www.chess-mail.com"]
[Date "2017.08.27"]
[Round "1"]
[White "Carebear"]
[Black "Hundegana"]
[WhiteElo "2239"]
[BlackElo "2050"]
[Result "0-1"]
[Round "1"]
1.d4 c5
2.d5 d6
3.e4 a6
4.c4 Ng8f6
5.Nb1c3 e6
6.a4 Nb8d7
7.Ng1f3 exd5
8.cxd5 Bf8e7
9.a5 O-O
10.Bf1e2 h6
11.Bc1f4 Rf8e8
12.Nf3d2 Nd7e5
13.Bf4xe5 dxe5
14.Nd2c4 Nf6d7
15.d6 Be7f6
16.Nc3d5 Ra8b8
17.Be2g4 b5
18.axb6 Nd7xb6
19.Nd5xb6 Rb8xb6
20.Bg4xc8 Qd8xc8
21.Nc4xb6 Qc8b7
 { time }
0-1

[Event "Tourn. n9450"]
[Site "www.chess-mail.com"]
[Date "2017.08.27"]
[Round "1"]
[White "Astroboy"]
[Black "Carebear"]
[WhiteElo "2280"]
[BlackElo "2239"]
[Result "1-0"]
[Round "1"]
1.e4 e5
2.f4 d5
3.exd5 exf4
4.Ng1f3 Ng8f6
5.Nb1c3 Nf6xd5
6.Bf1b5 c6
7.Qd1e2 Bc8e6
8.Nc3xd5 Qd8xd5
9.Bb5a4 Qd5f5
10.d4 Qf5a5
11.c3 Qa5xa4
12.Bc1xf4 Qa4a6
13.Qe2d2 h6
14.Kf2 Bf8e7
15.Rh1e1 Nb8d7
16.Kg1 O-O
17.Bf4xh6 gxh6
18.Qd2xh6 Be7f6
19.Re1xe6 fxe6
20.Qh6g6 Bf6g7
21.Qg6xe6 Rf8f7
22.Nf3g5 Ra8f8
23.Ng5xf7 Rf8xf7
24.Qe6e3 Qa6b5
25.Ra1b1  { time }
1-0

[Event "Tourn. n9454"]
[Site "www.chess-mail.com"]
[Date "2017.08.27"]
[Round "1"]
[White "Lucaschess"]
[Black "Panamski"]
[WhiteElo "2080"]
[BlackElo "2220"]
[Result "1-0"]
[Round "1"]
1.e4 c6
2.d4 d5
3.Nb1c3 dxe4
4.Nc3xe4 Ng8f6
5.Ne4xf6 exf6
6.c3 Bf8d6
7.Bf1d3 O-O
8.Ng1e2 Bc8g4
9.Qd1c2 Bg4xe2
10.Bd3xe2 Qd8c7
11.Bc1e3 Bd6f4
12.Be3xf4 Qc7xf4
13.g3 Qf4g5
14.O-O Nb8d7
15.Ra1d1 Nd7b6
16.f4 Qg5d5
17.b3 Rf8e8
18.Be2f3 Qd5d7
19.c4 g6
20.d5  { time }
1-0

[Event "Tourn. n9330"]
[Site "www.chess-mail.com"]
[Date "2017.08.27"]
[Round "1"]
[White "Coolant"]
[Black "Mihaiiorga"]
[WhiteElo "2320"]
[BlackElo "2160"]
[Result "1-0"]
[Round "1"]
1.Nb1c3 d5
2.d4 e6
3.e4 dxe4
4.Nc3xe4 Nb8c6
5.Ng1f3 Ng8f6
6.Bc1g5 Bf8e7
7.Bg5xf6 Be7xf6
8.Bf1b5 Bc8d7
9.c3 a6
10.Bb5d3 O-O
11.Qd1c2 g6
12.O-O-O b5
13.h4 b4
14.h5 bxc3
15.bxc3 Bf6g7
16.hxg6 fxg6
17.Ne4g5 Qd8e7
18.Rh1xh7 Rf8xf3
19.Rh7xg7 Kxg7
20.Ng5xf3 Qe7f6
21.Rd1e1 Nc6e7
22.Nf3e5 Bd7e8
23.Bd3c4 Be8b5
24.Re1e3 Bb5xc4
25.Ne5xc4 Ne7d5
26.Re3g3 g5
27.Qc2d2 Nd5f4
28.Nc4e5 Qf6f5
29.Rg3f3 Ra8b8
30.Qd2c2 Qf5xc2
31.Kxc2 Nf4xg2
32.Rf3g3 Ng2f4
33.Rg3xg5 Kh7
34.Ne5d3 Nf4xd3
35.Kxd3 Rb8b2
36.Rg5a5 Rb2b6
37.f4 Kg6
38.a4 Kf6
39.Ra5c5 Rb6b7
40.Ke4 Rb7a7
41.a5 Ke7
42.Ke5 Kd7
43.c4 c6
44.d5 exd5
45.cxd5 cxd5
46.Rc5xd5 Ke7
47.Rd5d6  { time }
1-0

[Event "Tourn. n9470"]
[Site "www.chess-mail.com"]
[Date "2017.08.27"]
[Round "1"]
[White "Estonia"]
[Black "Add"]
[WhiteElo "2060"]
[BlackElo "2230"]
[Result "0-1"]
[Round "1"]
1.d4 d5
2.c4 c6
3.cxd5 cxd5
4.e4 dxe4
5.Bf1b5 Bc8d7
6.Qd1a4 h6
7.Nb1c3 Ng8f6
8.Ng1e2 a6
9.Bb5xd7 Qd8xd7
10.Bc1f4 b5
11.Qa4c2 Qd7f5
12.O-O Nf6d5
13.Nc3xd5 Qf5xd5
14.Qc2c8 Qd5d8
15.Qc8b7 Nb8d7
16.Qb7xe4 e6
17.d5 Nd7f6
18.Qe4f3 Nf6xd5
19.Rf1d1 Bf8e7
20.Ne2c3 O-O
21.Nc3xd5 exd5
22.Rd1xd5 Qd8b6
23.Ra1d1 Rf8d8
24.Bf4e3 Qb6a5
25.a3 Rd8xd5
26.Qf3xd5 Ra8d8
27.Qd5f3 Be7f6
28.b4 Rd8xd1
29.Qf3xd1 Qa5xa3
30.Be3c5 a5
31.Qd1b1 Bf6c3
32.g3 axb4
33.Qb1e4 Qa3c1
34.Kg2 Qc1g5
35.Bc5xb4 Bc3xb4
36.Qe4xb4 Qg5d5
37.f3 f6
38.h4 Kf7
39.g4 h5
40.Kg3 hxg4
41.Qb4xg4 Qd5d6
42.Kg2 b4
43.h5 b3
44.Qg4g6 Kf8
45.Qg6f5 Qd6c6
46.Qf5a5 Qc6c2
47.Kg3 b2
48.Qa5d8 Kf7
49.Qd8d7 Kg8
50.Qd7e8 Kh7
51.Qe8g6 Qc2xg6
52.hxg6 Kxg6
{ resign }
0-1

[Event "Tourn. n9480"]
[Site "www.chess-mail.com"]
[Date "2017.08.27"]
[Round "1"]
[White "Mitja"]
[Black "Luban"]
[WhiteElo "2010"]
[BlackElo "2150"]
[Result "0-1"]
[Round "1"]
1.d4 d5
2.e3 e6
3.c3 c5
4.dxc5 Bf8xc5
5.Nb1d2 Ng8f6
6.Nd2b3 Bc5d6
7.Ng1f3 a6
8.Bf1e2 b5
9.Nb3d4 Bc8b7
10.b3 Nb8c6
11.Nd4xc6 Bb7xc6
12.Nf3d4 Bc6b7
13.Bc1b2 Ra8c8
14.Ra1c1 O-O
15.Be2d3 g6
16.h3 e5
17.Nd4e2 Qd8e7
18.Bd3b1 Rf8d8
19.Ne2g3 d4
20.cxd4 exd4
21.Bb2xd4 Bb7xg2
22.Rc1xc8 Rd8xc8
23.Rh1h2 Bd6b4
24.Ke2 Qe7b7
25.Rh2xg2 Qb7xg2
26.Bd4xf6 Qg2xh3
27.Qd1d4 Bb4c3
28.Qd4d6 Qh3g4
29.Kf1 Bc3xf6
30.Qd6xf6 Rc8c1
31.Kg2 Rc1xb1
32.Qf6xa6 h5
33.Qa6a8 Kg7
34.Qa8e4 Qg4xe4
35.Ng3xe4 Rb1b2
36.Ne4c3 Rb2c2
37.Nc3xb5 Rc2xa2
38.Nb5d4 Ra2b2
39.Kg3 Kf6
40.Kf3 Kg5
41.Kg3 h4
42.Kg2 Kh5
43.Kf3 g5
44.Kg2 g4
45.Kf1 h3
46.Nd4f5 Rb2xb3
47.Nf5g3 Kg5
48.Ng3e4 Kf5
49.Ne4d2 Rb3d3
50.Nd2c4 Rd3d1
51.Ke2 h2
52.Kxd1 h1Q
53.Ke2 Qh1f3
54.Ke1 Qf3d5
55.Nc4d2 Qd5d3
56.Nd2f1 Ke4
57.Nf1d2 Ke5
58.Nd2f1 f5
59.Nf1g3 f4
60.exf4 Kxf4
61.Ng3e2 Kf3
62.Ne2g1 Kg2
63.Ng1e2 Qd3b1
64.Kd2 Kxf2
{ resign }
0-1

[Event "Tourn. n9489"]
[Site "www.chess-mail.com"]
[Date "2017.08.27"]
[Round "1"]
[White "Fantomas"]
[Black "Luban"]
[WhiteElo "2000"]
[BlackElo "2110"]
[Result "1-0"]
[Round "1"]
1.Ng1f3 d5
2.g3 c5
3.Bf1g2 Nb8c6
4.d4 e6
5.O-O Ng8f6
6.c3 h6
7.Nf3e5 Bc8d7
8.Ne5xd7 Qd8xd7
9.b3 cxd4
10.cxd4 Bf8e7
11.Bc1b2 O-O
12.Nb1c3 a6
13.Nc3a4 Qd7c7
14.e3 b5
15.Na4c5 Be7xc5
16.dxc5 Nf6d7
17.Ra1c1 Ra8c8
18.a3 Qc7a7
19.b4 a5
20.Rc1a1 Nd7e5
21.Bb2c3 a4
22.Qd1e2 Ne5c4
23.Qe2g4 Nc6e5
24.Qg4d4 f6
25.Bg2h3 Rf8e8
26.f4 Ne5c6
27.Qd4d3 Rc8d8
28.Bh3g2 Qa7d7
29.Rf1d1 Kh8
30.Bg2e4 Nc6e7
31.Be4f3 e5
32.e4 d4
33.f5 Ne7c6
34.Ra1a2 Qd7f7
35.Bc3e1 Nc4e3
36.Rd1d2 Qf7c4
37.Bf3e2 Qc4xd3
38.Rd2xd3 Ne3c4
39.h4 Kh7
40.h5 Nc4xa3
41.Rd3xa3 Nc6xb4
42.Be1xb4 { resign }
1-0

[Event "Match"]
[Site "www.echecsemail.com"]
[Date "2017.08.27"]
[Round "1"]
[White "Guidom"]
[Black "Cjood"]
[WhiteElo "2130"]
[BlackElo "1880"]
[Result "1/2-1/2"]
[Round "1"]
1.e4 e5
2.Ng1f3 Ng8f6
3.Nb1c3 Bf8c5
4.d3 Nf6g4
5.d4 exd4
6.Nf3xd4 Qd8f6
7.Qd1xg4 Bc5xd4
8.Qg4f3 Qf6xf3
9.gxf3 Bd4xc3
10.bxc3 O-O
11.Bf1d3 b6
12.Bc1f4 d6
13.Rh1g1 g6
14.Kd2 Bc8e6
15.Bf4h6 Rf8e8
16.f4 c6
17.f5 Be6c8
18.f4 Bc8a6
19.c4 b5
20.fxg6 fxg6
21.cxb5 Ba6xb5
22.c4 Bb5a6
23.f5 Kh8
24.fxg6 hxg6
25.Rg1xg6 Re8d8
26.e5 dxe5
27.Bh6g7 Kh7
28.Rg6g3 e4
29.Bg7f6 Rd8xd3
30.Rg3xd3 exd3
31.Kxd3 Nb8d7
32.Bf6d4 c5
33.Ra1e1 Ba6c8
34.Bd4f2 Ra8b8
35.Kc3 Kg6
36.h4 Kf5
37.Re1e8 Kg6
38.Bf2g3 Rb8a8
39.Re8d8 Kf7
40.h5 Kg7
41.Bg3f4 Nd7f6
42.h6 Kh7
43.Rd8f8 Nf6g4
44.Rf8f7 Kg6
45.Rf7g7 Kh5
46.h7 Bc8e6
47.Rg7g5 Kh4
48.Rg5g6 Ra8h8
{ draw }
1/2-1/2

[Event "Match"]
[Site "www.echecsemail.com"]
[Date "2017.08.27"]
[Round "1"]
[White "Luzhin"]
[Black "Add"]
[WhiteElo "2330"]
[BlackElo "2230"]
[Result "1-0"]
[Round "1"]
1.d4 d5
2.c4 dxc4
3.e3 Ng8f6
4.Bf1xc4 e6
5.Ng1f3 c6
6.O-O Nb8d7
7.Nb1c3 b5
8.Bc4d3 a6
9.e4 h6
10.e5 Nf6d5
11.Nc3xd5 cxd5
12.Bc1d2 Bf8e7
13.a4 Bc8b7
14.axb5 axb5
15.Qd1b3 O-O
16.Qb3xb5 Ra8xa1
17.Rf1xa1 Qd8c8
18.Ra1c1 Bb7a6
19.Rc1xc8 Ba6xb5
20.Rc8xf8 Kxf8
21.Bd3xb5 Nd7b6
22.Kf1 Nb6c4
23.Bb5xc4 dxc4
24.Ke2 Ke8
25.Bd2c3 { resign }
1-0

[Event "Match"]
[Site "www.echecsemail.com"]
[Date "2017.08.27"]
[Round "1"]
[White "Winston"]
[Black "Cjood"]
[WhiteElo "1750"]
[BlackElo "1940"]
[Result "0-1"]
[Round "1"]
1.e4 e5
2.Ng1f3 Nb8c6
3.Bf1c4 Ng8f6
4.d3 b6
5.Nb1c3 Bf8c5
6.Bc1g5 Bc8b7
7.O-O d6
8.a3 O-O
 { time }
0-1

[Event "Match"]
[Site "www.echecsemail.com"]
[Date "2017.08.27"]
[Round "1"]
[White "Dejas"]
[Black "Luke1302"]
[WhiteElo "1499"]
[BlackElo "1360"]
[Result "1-0"]
[Round "1"]
1.g3 e5
2.Ng1f3 Qd8e7
3.d4 f6
4.b3 g6
5.Bc1b2 Qe7b4
6.Bb2c3 Qb4xc3
7.Nb1xc3 Bf8b4
8.Qd1d2 Bb4xc3
9.Qd2xc3 d6
10.e4  { time }
1-0

[Event "Match"]
[Site "www.echecsemail.com"]
[Date "2017.08.27"]
[Round "1"]
[White "Ssharp"]
[Black "Bojan"]
[WhiteElo "2220"]
[BlackElo "1940"]
[Result "1-0"]
[Round "1"]
1.e4 e5
2.f4 exf4
3.Bf1c4 Qd8h4
4.Kf1 Bf8c5
5.d4 Bc5b6
6.Ng1f3 Qh4e7
7.Nf3e5 Ng8h6
8.Bc1xf4 d6
9.Bf4xh6 Qe7f6
10.Qd1f3 dxe5
11.Qf3xf6 gxf6
12.dxe5 Rh8g8
13.exf6 Bb6d4
14.c3 Bd4xf6
15.Nb1d2 Nb8c6
16.Nd2f3 Nc6e5
17.Nf3xe5 Bf6xe5
18.g3 Rg8g6
19.Bh6e3 Rg6f6
20.Kg2 Bc8g4
21.Rh1f1 Rf6xf1
22.Ra1xf1 Bg4h5
23.Rf1f5 Be5xc3
24.Rf5xh5 Bc3xb2
25.Rh5xh7 a6
26.Bc4xf7 Kd8
27.Bf7e6 Bb2f6
28.Rh7d7 Ke8
29.Rd7xc7 b5
30.Be3f4 a5
31.Be6d5 Ra8a6
32.Bd5c6 Kd8
33.Bc6xb5 Ra6b6
34.a4 Rb6e6
35.Kf3 Bf6g5
36.Rc7d7 { resign }
1-0

[Event "Match"]
[Site "www.echecsemail.com"]
[Date "2017.08.27"]
[Round "1"]
[White "Mitja"]
[Black "Bojan"]
[WhiteElo "2090"]
[BlackElo "2020"]
[Result "0-1"]
[Round "1"]
1.d4 d5
2.e3 Bc8f5
3.c3 h6
4.h3 Qd8d6
5.Bf1d3 Bf5xd3
6.Qd1xd3 Ng8f6
7.Qd3b5 Qd6c6
8.Qb5d3 Nb8d7
9.Nb1d2 e5
10.dxe5 Nd7xe5
11.Qd3e2 Ne5c4
12.Nd2xc4 dxc4
13.Ng1f3 O-O-O
14.Nf3d4 Qc6xg2
15.Qe2f1 Qg2d5
16.Bc1d2 c5
17.Nd4f3 Qd5xf3
{ resign }
0-1

[Event "1/128 Finale"]
[Site "www.chess-mail.com"]
[Date "2017.08.27"]
[Round "1"]
[White "Osopanda"]
[Black "Cjood"]
[WhiteElo "1700"]
[BlackElo "1860"]
[Result "0-1"]
[Round "1"]
1.d4 Ng8f6
2.Ng1f3 d5
3.Bc1g5 e6
4.e3 Bc8d7
5.Bf1d3 Bf8e7
6.O-O a6
7.Rf1e1 Nb8c6
8.c4 dxc4
9.Bd3xc4 b5
10.Bc4b3 Nf6e4
11.Bg5xe7 Qd8xe7
12.Nb1c3 Ne4xc3
13.bxc3 g6
14.e4 O-O
15.d5 Nc6d8
16.e5 exd5
17.Bb3xd5 c6
18.Bd5b3 Nd8b7
19.Nf3d4 Qe7c5
20.Qd1d2 Ra8e8
21.Ra1d1 Re8xe5
22.Re1xe5 Qc5xe5
23.Rd1e1 Qe5g7
24.Re1e7 Nb7c5
25.Qd2f4 Nc5d3
26.Qf4d6 c5
27.Nd4e2 Bd7f5
28.Ne2g3 Qg7xc3
29.h3 Qc3c1
30.Kh2 c4
31.Ng3xf5 gxf5
32.Qd6g3 Kh8
33.Qg3h4 cxb3
34.Qh4f6 Kg8
35.axb3 Nd3xf2
36.Qf6xf5 Qc1b2
37.Re7e3 Kh8
38.Re3g3 Rf8g8
39.Rg3xg8 Kxg8
40.Qf5c8 Kg7
41.Kg3 Nf2e4
42.Kf3 Ne4d2
43.Kf4 Qb2xb3
44.Qc8g4 Kf8
45.Qg4c8 Ke7
46.Qc8c7 Ke6
47.Qc7e5 Kd7
48.Qe5f5 Kd6
49.Qf5f6 Qb3e6
{ resign }
0-1

[Event "1/64 Finale"]
[Site "www.chess-mail.com"]
[Date "2017.08.27"]
[Round "1"]
[White "Passaroa25"]
[Black "Carebear"]
[WhiteElo "1680"]
[BlackElo "2429"]
[Result "1-0"]
[Round "1"]
1.e4 e5
2.c3 d5
3.f3 dxe4
4.fxe4 Qd8h4
5.g3 Qh4xe4
6.Qd1e2 Qe4xh1
7.Qe2xe5 Bf8e7
8.Qe5xc7 Nb8c6
9.Qc7f4 Qh1xg1
10.Qf4f2 Qg1xf2
11.Kxf2 h5
12.d4 h4
13.Bc1f4 g5
14.Bf4e3 hxg3
15.Kxg3  { time }
1-0

[Event "1/128 Finale"]
[Site "www.chess-mail.com"]
[Date "2017.08.27"]
[Round "1"]
[White "Welberth"]
[Black "Begory"]
[WhiteElo "1900"]
[BlackElo "999"]
[Result "1-0"]
[Round "1"]
1.e4 e5
2.Ng1f3 Nb8c6
3.Bf1c4 h6
4.c3 d6
5.d4 exd4
6.cxd4 Bc8g4
7.Bc1e3 Bg4xf3
8.Qd1xf3 Qd8f6
9.Qf3d1 O-O-O
10.Nb1c3 Ng8e7
11.O-O d5
12.exd5 Nc6b4
13.Qd1a4 Ne7xd5
14.Nc3xd5 Nb4xd5
15.Qa4xa7 Nd5xe3
16.fxe3 Qf6b6
17.Qa7a8 Kd7
18.Rf1xf7 Ke8
19.Qa8a4 c6
20.Ra1f1 Qb6xb2
21.d5 Rd8d7
22.dxc6 Rd7xf7
23.c7 { resign }
1-0

[Event "1/128 Finale"]
[Site "www.chess-mail.com"]
[Date "2017.08.27"]
[Round "1"]
[White "Cjood"]
[Black "Ssharp"]
[WhiteElo "1920"]
[BlackElo "2190"]
[Result "0-1"]
[Round "1"]
1.e4 e6
2.c3 d5
3.exd5 exd5
4.d4 Bf8d6
5.g3 Ng8f6
6.Bc1g5 O-O
7.Bf1e2 Rf8e8
8.Bg5xf6 Qd8xf6
9.Nb1d2 Bc8g4
10.f3 Bg4f5
11.Nd2f1 Qf6g6
12.h4 Bd6xg3
13.Nf1xg3 Qg6xg3
14.Kf1 Nb8d7
15.Be2d3 Bf5e6
16.Ra1c1 Re8e7
17.Rc1c2 Ra8e8
18.Rc2g2 Qg3f4
19.Qd1c2 Nd7f6
20.h5 Nf6g4
21.Rg2xg4 Be6xg4
22.Kf2 h6
23.Kg2 Re7e3
24.Qc2d1 Re3e1
{ resign }
0-1

[Event "Eq:SIETE ESTRELLAS VERDES-Slap Shot Mates : "]
[Site "www.chess-mail.com"]
[Date "2017.08.27"]
[Round "1"]
[White "Caspito"]
[Black "Jpmartinez"]
[WhiteElo "1940"]
[BlackElo "2600"]
[Result "0-1"]
[Round "1"]
1.e4 g6
2.d4 Bf8g7
3.e5 d6
4.Bc1f4 dxe5
5.Bf4e3 exd4
6.Be3f4 e5
7.Bf4g3 Ng8e7
8.Bf1c4 O-O
9.Qd1f3 c5
10.Nb1d2 Nb8c6
11.Nd2e4 b6
12.Ne4g5 Bc8f5
13.Qf3b3 Nc6a5
14.Bc4xf7 Kh8
15.Qb3f3 h6
16.Ng1h3 hxg5
17.Nh3xg5 Ne7g8
18.Bg3h4 e4
19.Qf3f4 Qd8d7
20.g4 Bf5xg4
21.Qf4xe4 Ra8e8
22.Bf7xg6 Re8xe4
23.Bg6xe4 Ng8f6
24.O-O Nf6xe4
25.Ng5xe4 Bg4h3
26.Rf1e1 Qd7g4
{ resign }
0-1

[Event "Fast Game"]
[Site "www.echecsemail.com"]
[Date "2017.08.27"]
[Round "1"]
[White "Picifarkinca"]
[Black "Attatroll"]
[WhiteElo "1940"]
[BlackElo "1780"]
[Result "1-0"]
[Round "1"]
1.e4 d6
2.d4 Ng8f6
3.f3 g6
4.c4 Bf8g7
5.Nb1c3 O-O
6.Bf1d3 c6
7.Ng1e2 Nb8a6
8.a3 Bc8e6
9.Bc1e3 Na6c7
10.Qd1d2 a6
11.O-O-O b5
12.d5 cxd5
13.cxd5 Be6d7
14.g4 Ra8c8
15.Kb1 Nc7a8
16.h4 Na8b6
17.Ne2g3 Nb6c4
18.Bd3xc4 Rc8xc4
19.Be3h6 Qd8a5
20.Bh6xg7 Kxg7
21.h5 Rf8c8
22.hxg6 fxg6
23.Qd2h6 Kf7
24.g5 Rc4xc3
25.gxf6 Kxf6
26.Ng3h5 Kf7
27.Qh6g7 Ke8
28.Qg7g8 
1-0

[Event "Tourn. n9339"]
[Site "www.chess-mail.com"]
[Date "2017.08.28"]
[Round "1"]
[White "Chessington"]
[Black "Stepanpech"]
[WhiteElo "2390"]
[BlackElo "2460"]
[Result "1/2-1/2"]
[Round "1"]
1.Ng1f3 Ng8f6
2.b3 d5
3.Bc1b2 c6
4.e3 Bc8g4
5.h3 Bg4xf3
6.Qd1xf3 Nb8d7
7.g4 e5
8.c4 Bf8e7
9.g5 Nf6e4
10.h4 O-O
11.cxd5 cxd5
12.Nb1c3 Ne4xc3
13.Bb2xc3 e4
14.Qf3f5 Nd7c5
15.O-O-O g6
16.Qf5f4 Be7d6
17.Qf4f6 Qd8xf6
18.Bc3xf6 a5
19.h5 a4
20.b4 Nc5d7
21.Bf6c3 Nd7e5
22.Kb2 Rf8c8
23.a3 Rc8c7
24.Bc3xe5 Bd6xe5
25.Kb1 Be5d6
26.Bf1b5 Kg7
27.Rh1g1 Bd6e7
28.h6 Kf8
29.Rd1f1 Ra8c8
30.Bb5xa4 Rc8a8
31.Rf1c1 Rc7xc1
32.Rg1xc1 Be7xg5
33.Ba4b3 Ra8xa3
34.Rc1c8 { draw }
1/2-1/2

[Event "Tourn. n9406"]
[Site "www.chess-mail.com"]
[Date "2017.08.28"]
[Round "1"]
[White "Esperanza"]
[Black "Nulladies"]
[WhiteElo "1830"]
[BlackElo "1940"]
[Result "1-0"]
[Round "1"]
1.d4 Ng8f6
2.c4 e6
3.Nb1c3 Bf8b4
4.Qd1c2 c5
5.dxc5 Bb4xc5
6.e3 O-O
7.Ng1f3 Nb8c6
8.a3 Rf8e8
9.b4 Nc6xb4
10.axb4 Bc5xb4
11.Bf1d3 d5
12.Bc1d2 dxc4
13.Bd3xc4 Nf6d5
14.Nc3xd5 Bb4xd2
15.Qc2xd2 exd5
16.Qd2xd5 Qd8xd5
17.Bc4xd5 Re8e7
18.O-O a5
19.Rf1b1 Ra8a7
20.Nf3d4 Re7d7
21.Bd5e4 Rd7e7
22.Be4f3 Kf8
23.Rb1c1 Bc8e6
24.Nd4b5 Ra7a6
25.Nb5c7 Ra6a7
26.Nc7xe6 Re7xe6
27.Bf3d5 Re6e7
28.Rc1c8 Re7e8
29.Rc8xe8 Kxe8
30.Ra1b1 a4
31.Rb1xb7 Ra7a5
32.Bd5xf7 Kf8
33.Bf7a2 Ra5c5
34.Rb7b1 a3
35.g3 Rc5c2
36.Rb1a1 Ke7
37.Ba2g8 Rc2c3
38.Bg8xh7 Kf7
39.Bh7e4 Kf6
40.Kg2 Ke5
41.Kf3 g5
42.h3 Rc3b3
43.Be4b1 Rb3c3
44.Bb1h7 Kf6
45.h4 gxh4
46.gxh4 Kg7
47.Bh7e4 Kh6
48.Kf4 Kh5
49.Be4f3 Kxh4
50.Ra1h1 { resign }
1-0

[Event "Tourn. n9504"]
[Site "www.chess-mail.com"]
[Date "2017.08.28"]
[Round "1"]
[White "Ssharp"]
[Black "Bojan"]
[WhiteElo "2190"]
[BlackElo "2020"]
[Result "1-0"]
[Round "1"]
1.e4 e5
2.f4 exf4
3.Bf1c4 Qd8h4
4.Kf1 Nb8c6
5.Ng1f3 Qh4f6
6.d4 Nc6a5
7.e5 Qf6c6
8.Bc4d3 Na5c4
9.Qd1e2 Nc4e3
10.Bc1xe3 fxe3
11.Qe2xe3 Ng8e7
12.c4 d5
13.c5 h6
14.Nb1c3 Ne7f5
15.Qe3f4 g6
16.Bd3b5 Qc6xb5
17.Nc3xb5 Kd8
18.e6 Bc8xe6
19.Qf4xc7 Ke8
20.Qc7xb7 { resign }
1-0

[Event "Tourn. n9497"]
[Site "www.chess-mail.com"]
[Date "2017.08.28"]
[Round "1"]
[White "Cjood"]
[Black "Welberth"]
[WhiteElo "1920"]
[BlackElo "1900"]
[Result "0-1"]
[Round "1"]
1.e4 a6
2.Ng1f3 b5
3.d4 Bc8b7
4.Bf1d3 Ng8f6
5.d5 e6
6.dxe6 dxe6
7.Nb1d2 c5
8.O-O c4
9.Bd3e2 Nf6xe4
10.Nd2xe4 Qd8xd1
11.Rf1xd1 Bb7xe4
12.c3 Nb8c6
13.Bc1f4 Bf8e7
14.Nf3e5 Nc6xe5
15.Bf4xe5 f6
16.Be5c7 Be7d8
17.Bc7g3 Be4d5
18.Be2h5 Ke7
19.Rd1d4 Bd8b6
20.Rd4d2 Ra8d8
21.Ra1d1 Bd5e4
22.b3 Rd8xd2
23.Rd1xd2 Rh8d8
24.Rd2xd8 Kxd8
25.bxc4 bxc4
26.Bh5e2 Be4d3
27.Be2xd3 cxd3
28.Bg3f4 e5
29.Bf4d2 Kd7
30.Kf1 e4
31.Bd2e3 Bb6xe3
32.fxe3 Kd6
33.Ke1 Kd5
34.Kd2 h5
35.g3 g5
36.h3 f5
37.Kc1 Kc4
38.Kb2 a5
39.a3 a4
{ resign }
0-1